| 000 | 00785nam a22002297a 4500 | ||
|---|---|---|---|
| 001 | 39247 | ||
| 003 | BD-RjUL | ||
| 005 | 20211209052941.0 | ||
| 008 | 160406m19961966bg ||||| |||| 00| 0 ben d | ||
| 020 |
_a9840733591 _c: TK. 210.00 |
||
| 035 | _a(BD-RjUL)39359 | ||
| 040 |
_aBD-RjUL _bben _cBD-RjUL |
||
| 041 | _aben | ||
| 082 |
_223 _bBAD 1996 _a294.35492 |
||
| 100 |
_aবরুয়া, গিরিশচন্দ্র _9121017 |
||
| 245 |
_aধম্মপদ / _cগিরিশচন্দ্র বরুয়া |
||
| 260 |
_aঢাকা : _bবাংলা একাডেমী, _c১৯৯৬ |
||
| 300 |
_a৪০৮ পৃ. : _c২২ সেমি. |
||
| 650 |
_aBengali Translation _9121018 |
||
| 650 |
_aবাংলা অনুবাদ _9121019 |
||
| 942 |
_2ddc _cBK |
||
| 999 |
_c39247 _d39247 |
||